| 000 | 00588nam a2200181 i 4500 | ||
|---|---|---|---|
| 001 | 70483 | ||
| 003 | ES-MaACL | ||
| 007 | t| | ||
| 008 | 040727s1981 sp ||||1| spa d | ||
| 100 | 1 |
_aGarcía Valdés, Alberto. _955357 |
|
| 245 | 1 | 0 |
_aHistoria y presente de la homosexualidad _b: análisis crítico de un fenómeno conflictivo / _cAlberto García Valdés. |
| 260 |
_a[Madrid] : _bAkal, _c[1981] |
||
| 300 |
_a374 p. ; _c22 cm. |
||
| 490 | 1 |
_aAkal universitaria ; _v28 |
|
| 830 | 0 |
_aAkal universitaria ; _v28 _9177901 |
|
| 852 |
_aES-MaACL _jL-8012 _bR.108529 |
||
| 999 |
_c70483 _d70483 |
||